000 01314nam a2200301 i 4500
003 EG-GICUC
005 20260121101542.0
008 251228s1978 ua ||||fr||| 00| aaradd
040 _a EG-GICUC
_bara
_c EG-GICUC
_d EG-GICUC
_erda
041 0 _aara
082 0 4 _221
_a343.6
_bر م . أ
092 0 4 _221
099 _aLaw1 10 343.6 ر م . أ 1978
100 0 _aرمسيس بهنام
_eمؤلف.
245 1 0 _aالإجرام والعقاب :
_bعلم الجريمة وعلم الوقاية والتقويم /
_cرمسيس بهنام.
264 1 _aالإسكندرية :
_bدار منشأة المعارف،
_c1978.
300 _a343 ؛ صفحة
_c24 سم.
336 _2rda content
_atext
337 _2rda media
_aComputer
338 _2rda carrier
_aOnline Resource
500 _aفحص المجرمين عوامل الإجرام ومصدرها التفاعل النفسي الاجرامي واختلافه حسب نوعية الجريمة، المصادر الخارجية المساعدة الوقاية من الإجرام .تقويم المجرمين.
546 _aالنص باللغة العربية
650 1 4 _aالقانون الجنائى
650 1 4 _aعلم الإجرام
856 4 0 _uhttps://fll.law.cu.edu.eg/fulltext/bks/B10-07183.pdf
905 _a77
942 _2ddc
_cBK
_e21
_n0
999 _c52784
_d52784